000 00524nam a2200205Ia 4500
005 20250508150736.0
008 008 250505s9999 xx 000 0 eng d
037 _aTextual
040 _aFEDL
_beng
_cFEDL
041 _aeng
_2eng
084 _a150.13, BRO
_qFEDL
100 _aBrown J A C
245 0 _aPsychology
260 _aLondon, UK
_bPaul Chapman Publishing
_c1950
300 _a141p.
365 _aINR
_b6
650 _aPsychology
942 _cTEXL
_h150.13, BRO
999 _c1325392
_d1325392